000 00311nam a22001457a 4500
008 210518b ||||| |||| 00| 0 eng d
020 _a0155050028
041 _aeng
080 _22nd
_a004
082 _a004
100 _a28
101 _aSHKI
245 _aBasic Programming
_cVan C Hare
942 _2udc
_cBK
999 _c57418
_d57418